Glass Paintings : (Record no. 134592)

MARC details
000 -LEADER
fixed length control field 00745nam a22002297a 4500
005 - DATE AND TIME OF LATEST TRANSACTION
control field 20170124110230.0
010 ## - LIBRARY OF CONGRESS CONTROL NUMBER
LC control number A-896359
020 ## - INTERNATIONAL STANDARD BOOK NUMBER
Terms of availability 00.00
International Standard Book Number 8170189187
035 ## - SYSTEM CONTROL NUMBER
System control number A-896359
037 ## - SOURCE OF ACQUISITION
Source of stock number/acquisition Cen Lib/Ret
040 ## - CATALOGING SOURCE
Original cataloging agency DPL
Language of cataloging EN
082 ## - DEWEY DECIMAL CLASSIFICATION NUMBER
Classification number 748.502820954
Item number GUP
100 ## - MAIN ENTRY--PERSONAL NAME
Personal name Gupta, Samita
9 (RLIN) 41170
245 ## - TITLE STATEMENT
Title Glass Paintings :
Statement of responsibility, etc by Samita Gupta
Remainder of title an ephemeral art in India /
260 ## - PUBLICATION, DISTRIBUTION, ETC. (IMPRINT)
Place of publication, distribution, etc New Delhi
Name of publisher, distributor, etc B.R. Publishing corporation
Date of publication, distribution, etc 1997
270 ## - ADDRESS
City New Delhi
Address 1, Ansari road, Daryaganj
Postal code 110002
300 ## - PHYSICAL DESCRIPTION
Extent 33p.:
Dimensions 28cm(Hb)
Other physical details ill.
500 ## - GENERAL NOTE
General note Includes bibliographical references and index
650 ## - SUBJECT ADDED ENTRY--TOPICAL TERM
Topical term or geographic name as entry element Art and craft
Geographic subdivision
9 (RLIN) 41171
650 ## - SUBJECT ADDED ENTRY--TOPICAL TERM
Topical term or geographic name as entry element Glass paintings
9 (RLIN) 41172
942 ## - ADDED ENTRY ELEMENTS (KOHA)
Source of classification or shelving scheme Dewey Decimal Classification
Koha item type English Books
Classification part 748.502820954
Call number suffix GUP
Holdings
Withdrawn status Lost status Damaged status Not for loan Collection code Home library Current library Date acquired Source of acquisition Cost, normal purchase price Total Checkouts Full call number Barcode Date last seen Copy number Cost, replacement price Price effective from Koha item type
      Not For Loan Reference Central Library Central Library 30/07/2015 Cen Lib/Ret 0.00   748.502820954 GUP A-896359 30/07/2015 1 0.00 30/07/2015 English Books

© Delhi Public Library
Hit Counter
free hit counter